00669nam a22002177a 450000500170000001000130001702000250003003500130005503700160006804000120008408200170009610000170011324500580013025000120018826000450020027000630024530000260030850000520033465000280038665000370041420170124110122.0 aA-845266 c00.00a9780195639766 aA-845266 bCen Lib/Ret aDPLbEN a954.022bATH aAthar Ali, M aThe Mughal nobility under Aurangzeb /cby M Athar Ali arev. ed aNew DelhibOxford University Pressc1997 aYMCA Library Building, Jai Singh Road bNew Delhie110001 axxv, 294p. c22cm(Hb) aIncludes bibliographical references and index  aMogul Empire -- History aIndia -- Social life and customs